Finance for Non-Financial Managers in a Week: Understanding Finance in Seven Simple Steps (Record no. 3671)

MARC details
005 - DATE AND TIME OF LATEST TRANSACTION
control field 20250613082058.0
020 ## - INTERNATIONAL STANDARD BOOK NUMBER
International Standard Book Number 978-1-473-60784-2
082 ## - DEWEY DECIMAL CLASSIFICATION NUMBER
Classification number 658.15 MAS
100 ## - MAIN ENTRY--PERSONAL NAME
Author name MASON, R
245 ## - TITLE STATEMENT
Title Finance for Non-Financial Managers in a Week: Understanding Finance in Seven Simple Steps
250 ## - EDITION STATEMENT
Edition statement 9th Ed
260 ## - PUBLICATION, DISTRIBUTION, ETC.
Place of publication, distribution, etc. London
Name of publisher, distributor, etc. Hodder Education
Date of publication, distribution, etc. 2016
300 ## - PHYSICAL DESCRIPTION
Extent 123p.
Dimensions 20 cm
942 ## - ADDED ENTRY ELEMENTS (KOHA)
Source of classification or shelving scheme Dewey Decimal Classification
Koha item type Books
Holdings
Date last seen Total checkouts Full call number Barcode Cost, replacement price Price effective from Koha item type Lost status Source of classification or shelving scheme Damaged status Not for loan Withdrawn status Home library Current library Shelving location Date acquired Source of acquisition Cost, normal purchase price
06/11/2025   658.15 MAS MZA000674 150000.00 06/11/2025 Books   Dewey Decimal Classification       CBE Mwanza CBE Mwanza General Collection 07/01/2007 Library Budget 50000.00
06/11/2025   658.15 MAS MZA000675 150000.00 06/11/2025 Books   Dewey Decimal Classification       CBE Mwanza CBE Mwanza General Collection 07/01/2007 Library Budget 50000.00
06/11/2025   658.15 MAS MZA000679 150000.00 06/11/2025 Books   Dewey Decimal Classification       CBE Mwanza CBE Mwanza General Collection 07/01/2007 Library Budget 50000.00